000 00480nam a2200193Ia 4500
003 OSt
005 20260527145629.0
008 210210b1996 xxu||||| |||| 00| 0 eng d
040 _cAL
041 _aEnglish
082 _a001.64 MADT
100 _aMADAN (N).
_9264756
245 _aTextbook of Computer Science. II PUC
260 _aMumbai
_bHimalaya Publishing House
_c1996
300 _axxiv,246
690 _aComputer Science
_9264757
906 _a051083
942 _2ddc
_cBK
999 _c99359
_d99359